| 000 | 00577nam a2200217 i 4500 | ||
|---|---|---|---|
| 001 | bgj | ||
| 100 | 1 | _aBÉDIER, Joseph. | |
| 245 | 1 | 0 |
_aDzieje Tristana i Izoldy / _cJoseph Bédier. |
| 260 |
_aWarszawa : _bOrkla Press Polska, _ccop. 2005. |
||
| 300 |
_a92 [3] s. ; _b20 cm. |
||
| 490 | 1 |
_aLektury Wszech Czasów ; _v13 |
|
| 650 | 9 |
_aPowieść francuska _y19 w. |
|
| 830 | _aLektury Wszech Czasów ; | ||
| 020 | _a8360322074 | ||
| 040 | _cBPK | ||
| 041 | 0 | _apol | |
| 044 | _aPL | ||
| 920 | _a83-60322-07-4 | ||
| 942 | _cKS | ||
| 008 | s pl f |000 0 pol | ||
| 999 |
_c49540 _d49540 |
||
| 856 |
_uhttp://koha.tu.koszalin.pl/cgi-bin/koha/opac-detail.pl?biblionumber=49540 _yKatalog online BPK |
||